Finančný spravodajca

Uložené v:
Podrobná bibliografia
Médium: Seriál
Jazyk:Slovak
Vydavateľské údaje: Bratislava Ministerstvo financií SR 1994
Predmet:
Tagy: Pridať tag
Žiadne tagy, Buďte prvý, kto otaguje tento záznam!

MARC

LEADER 00000nas2a2200000 4500
001 s017884
005 20070202111735.2
022 |a 1335-0498 
041 0 |a slo 
044 |a SK 
245 1 0 |a Finančný spravodajca 
264 1 |a Bratislava  |b Ministerstvo financií SR  |c 1994 
300 |a 2 zv. 
773 0 |w eu_un_cat*s120173 
610 2 0 |a financie 
610 2 0 |a predpisy